000 00417nam a2200181Ia 4500
001 717
005 20260306140538.0
008 260306t2008||||xx |||||||||||||| ||spa||
041 _aESP
082 _a142.78
_bN56 V. 2
100 _aNietzche, Friedrich
_eAUT
245 0 _aFragmentos póstumos:
_b(1875-1882)
260 _c2008
300 _a
_c23 cm.
650 _aGEN
654 _aCHU
942 _cLIB
_dJUS
_fJUS
_2ddc
_n
999 _c717
_d717